000 00567nam a2200229Ia 4500
003 OSt
005 20140403160924.0
008 140130s9999 xx 000 0 und d
020 _a9780590372169
050 _aPZ 7
_b.M47879Fnc 2003
100 _aMcMullan, Kate.
_96752
245 _cKate McMullan.
_aFluffy's Valentine's Day /
260 _bScholastic Inc,
_cc2003.
_aUSA :
300 _a38 p. :
_bill. col. ;
_c22 cm.
440 _v1
_930921
521 _aBR
526 _cBR
942 _cBK
_2lcc
999 _c41492
_d41492